Teología y poesía : Los espacios y el ritmo de la fe / [por] Jesús Guizar Villanueva

Gespeichert in:
Bibliographische Detailangaben
1. Verfasser: Guizar Villanueva, Jesús (autor)
Format: Buch
Schlagworte:
Tags: Tag hinzufügen
Keine Tags, Fügen Sie das erste Tag hinzu!

MARC

LEADER 00000nam^a2200000^u^4500
001 000538429
005 20250521000000.0
008 060220s1000^^^^^^^^^^^^r^^^^^000^0^spa^d
009 20260310131121.597
035 |a FMI 000005049 
037 |a Acervo Xavier Clavigero 
096 |a 9.1.2/80/C 
100 |a Guizar Villanueva, Jesús  |e (autor) 
245 1 0 |a Teología y poesía : Los espacios y el ritmo de la fe / [por] Jesús Guizar Villanueva 
264 |a México : Efemérides Mexicanas, 1994 
300 |a 25 p. 
336 |a texto  |b txt  |2 rdacontenido 
337 |a sin mediación  |b n  |2 rdamedio 
338 |a volumen  |b nc  |2 rdasoporte 
597 |a Artículo publicado en "Efemérides Mexicana" No. 34. 
649 |a XX 
650 |a POESIA 
910 |a Fondo Francisco Migoya Covarrubias S.J. 
920 |a Impresos - Libros 
930 |a Fondos Especiales 
905 |a 134 
901 |a SBC19308  |b IT2  |c ESP  |u 20250521 
902 |a https://opac.biblio.iteso.mx/vufind/Record/000538429